LEADER 03176cam a2200721 a 4500
001 87504
003 CZ PrNK
005 20240330064935.0
007 ta
008 141104s2014 xr ac e 000 cdcze
015 |a cnb002660563 
020 |a 9788074041426 
020 |a 9788020433893 
040 |a PNA001  |b cze  |d ABA001  |e rda 
072 7 |a 94(437)  |x Dějiny Česka a Slovenska  |2 Konspekt  |9 8 
080 |a 94(100)"1939/1945"  |2 MRF 
080 |a 342.395.3  |2 MRF 
080 |a 323.25/.26-027.63  |2 MRF 
080 |a 355.318.2  |2 MRF 
080 |a 323.25/.26:329.18  |2 MRF 
080 |a 94(437.311)"1942"  |2 MRF 
080 |a 328/329  |2 MRF 
080 |a (437.3)  |2 MRF 
080 |a (410.1)  |2 MRF 
080 |a (084.1)  |2 MRF 
100 1 |a Kosatík, Pavel,  |d 1962-  |7 jn19990201035  |4 aut  |9 22012 
245 1 0 |a Češi :  |b 1942 : jak v Londýně vymysleli atentát na Heydricha /  |c text Pavel Kosatík ; výtvarné zpracování Marek Rubec 
246 3 0 |a Jak v Londýně vymysleli atentát na Heydricha 
246 1 8 |a Češi 1942 
250 |a 1. vyd. 
260 |a Praha :  |b Česká televize :  |b Mladá fronta,  |c 2014 
300 |a [75] s. :  |b vše barev. il., portréty ;  |c 25 cm 
490 1 |a Edice ČT 
500 |a Chronologický přehled 
500 |a Na hřbetu označení: 3 
648 7 |a 1942  |7 ch967356  |2 czenas  |9 53223 
648 7 |a 1939-1945  |7 ch460653  |2 czenas  |9 52982 
650 0 7 |a druhá světová válka (1939-1945)  |7 ph117270  |2 czenas  |9 1065 
650 0 7 |a exilová vláda  |7 ph120091  |z Československo  |y 1939-1945  |2 czenas 
650 0 7 |a zahraniční odboj  |7 ph116243  |z Československo  |y 1939-1945  |2 czenas 
650 0 7 |a protifašistický odboj  |7 ph115901  |z Československo  |y 1939-1945  |2 czenas 
650 0 7 |a atentát na Heydricha (1942 : Praha, Česko)  |7 ph567498  |2 czenas  |9 3596 
650 0 9 |a World War (1939-1945)  |2 eczenas 
650 0 9 |a government in exile  |z Czechoslovakia  |y 1939-1945  |2 eczenas 
650 0 9 |a resistance movement abroad  |z Czechoslovakia  |y 1939-1945  |2 eczenas 
650 0 9 |a anti-fascist movements  |z Czechoslovakia  |y 1939-1945  |2 eczenas 
650 0 9 |a assassination of Reinhard Heydrich (1942 : Prague, Czechia)  |2 eczenas 
651 7 |a Československo  |7 ge131689  |x politika a vláda  |y 1939-1945  |2 czenas 
651 7 |a Protektorát Čechy a Morava (1939-1945)  |7 ge137396  |2 czenas  |9 59503 
651 7 |a Londýn (Anglie)  |7 ge129867  |2 czenas  |9 56870 
651 9 |a Czechoslovakia  |x politics and government  |y 1939-1945  |2 eczenas 
651 9 |a Bohemia and Moravia (Protectorate, 1939-1945)  |2 eczenas 
651 9 |a London (England)  |2 eczenas 
655 7 |a komiksy  |7 fd131978  |2 czenas  |9 53529 
655 9 |a comics  |2 eczenas 
700 1 |a Rubec, Marek,  |d 1979-  |7 xx0172083  |4 ill  |9 108015 
787 0 8 |i Z cyklu:  |t Češi  |g 3 
830 0 |a Edice České televize 
910 |a UOG502 
942 |2 ddc  |c KN  |0 1 
999 |d 87504 
993 |0 0  |1 421180088077  |2 ddc  |4 0  |6 943_700000000000000  |7 0  |9 73142  |b 0  |c 88077  |d 2018-02-08  |e 13  |f DOSP  |g 943.7  |h 269.00  |i Koupě  |l DOSP  |m 8  |r 2025-01-29  |s 2024-10-09  |t 5  |w 2018-02-08  |y KN  |z KOMIKS 
993 |0 0  |1 421180090948  |2 ddc  |4 0  |6 929_000000000000000  |7 0  |9 77133  |b 0  |c 90948  |d 2019-04-09  |e 5  |f M  |g 929  |h 269.00  |i Koupě  |l M  |m 6  |r 2023-08-08  |s 2023-06-09  |t 7  |w 2019-04-09  |y KN  |z NAUCNA  |n